000 00691nam a2200217Ia 4500
003 IN-BaIIA
008 211028s9999 xx 000 0 eng d
040 _cIIA Library
080 _a52
_bRUS
100 _aRussell, Henry Norris
_91273
245 0 _aAstronomy
_ba revision of Young's Manual of astronomy, I the solar system
_cHenry Norris Russell, Raymond Smith Dugan and John Quincy Stewart
260 _aBoston
_bGinn Publishers
_c1926
300 _axi, 470p.
650 _aArchives
650 _aAstronomy
_980
650 _aAstronomy and Astrophysics Thesaurus
650 _aSolar System
700 _aDugan, Raymond Smith
_91274
700 _aStewart, John Quincy
_91275
942 _cBK
999 _c569
_d569